1769 1032 1073 1761 1548 1908 1867 1997 1157 1506 1196 1179 1805 1432 1888 1063 1385 1482 1034 1346 1716 1759 1932 1638 1378 1510 1367 1982 1761 1252 1802 1304 1411 1645 1029 1028 1243 1328 1543 1265 1109 1497 1465 1648 1891 1874 1216 1879 1964 1072 1513 1738 1889 1933 1031 1353 1974 1618 1328 1664 1167 1911 1715 1010 1313 1671 1184 1584 1474 1505 1714 1647 1708 1125 1532 1254 1327 1082 1956 1720 1175 1095 1800 1433 1195 1781 1797 1597 1693 1541 1512 1924 1961 1881 1098 1184 1992 1634 1959 BCNSPRNW ULIB Ver.6.0+V

เปลี่ยนเป็นภาษาไทย

Change to English
 แสดงรายละเอียดบรรณานุกรม
  กลับหน้าหลัก

Brief Record : Get Marc (ISO 2709) : E-mail record : QR code < ปิดหน้าต่าง
LEADER : 00000nam 2200000uu 4500
001    13399125961
003     ULIB
008    020711s2017 th a 000 0 tha d
060    ^aวพWY156^bS-A
100    ^aSureeporn Suwannaosod
245    ^aA STRUCTURAL EQUATION MODELING OF SPIRTUAL WELL-BEING,DEPRESSION,AND HEALTH-RELATED QUALITY OF LIFE AMONG THAI ADOLESCENTS WITH CANCER
260     ^aม.ป.ท.,^c2017
300    ^a155 หน้า;^b30 ซม.
650    ^aNursing
650  0 ^acancer
945    ^p0^l0^i003401
999    ^aประนอม เกษจรัล
รายการนี้ยังไม่มีแท็ก
คุณยังไม่ได้ล็อกอิน คุณสามารถมีกิจกรรมร่วมกับเว็บไซต์ได้ แต่ต้องล็อกอินก่อน ::
  ล็อกอิน

รายการสื่อสารสนเทศ

ลำดับที่ ประเภท เลขเรียก/บาร์โค้ด สถานที่ สถานะ
1. วิทยาศาสตร์การแพทย์ และสุขภาพ
วิทยาศาสตร์การแพทย์ และสุขภาพ
วพWY156 S-A ฉ.1 
  Barcode: 003401
ห้องสมุดวิทยาเขตสวรรค์ประชารักษ์
► วิทยานิพนธ์
บนชั้น

รายการใกล้เคียง
    หัวเรื่อง [Nursing]
    หัวเรื่อง [cancer]

BibComment


ยังไม่เคยถูกคอมเมนท์

คอมเมนท์ทรัพยากรรายการนี้
  คอมเมนท์: A STRUCTURAL EQU..


 Copyright 2026. Bcnsprnw @Library